| 000 | 00740nam a2200253 i 4500 | ||
|---|---|---|---|
| 003 | DO-SdBNP | ||
| 005 | 20240709090551.0 | ||
| 007 | ta | ||
| 008 | 240709b1979 sp ||||| |||| 00| 0 spa d | ||
| 020 | _a8428603766 | ||
| 040 |
_aDO-SdBNP _bspa _cBNPHU _erda |
||
| 082 | 4 | _222 | |
| 100 |
_aFalcón, Lidia, _92863 _eautor |
||
| 245 | 1 | 4 |
_aLos hijos de los vecinos (1939-1949) / _cLidia Falcón |
| 264 |
_aBarcelona : _bPomaire, _c1979 |
||
| 300 |
_a255 páginas ; _c21 cm. |
||
| 336 |
_2rdacontent _atexto _btxt |
||
| 337 |
_2rdamedia _asin mediación _bn |
||
| 338 |
_2rdacarrier _avolumen _bnc |
||
| 500 | _aIncluye datos biográficos del autor en las solapas | ||
| 590 | _aInventariado, 2024/BT | ||
| 910 | _aBtavárez | ||
| 942 |
_2ddc _cLBS1 |
||
| 999 |
_c57223 _d57223 |
||